Регионална библиотека "Любен Каравелов" - Русе

Философии на морала (Запис номер 7046)

MARC детайли
000 -Лидер
Контролно поле с фиксирана дължина 01330nam a2200337 c 4500
003 - Код на организацията, давaща контролен номер
Контролно поле BLK
005 - Дата и час на последна редакция
Контролно поле 20180420214150.0
008 - Елементи от данни с фиксирана дължина
fixed length control field 180412b bul|||||r ||||||| ||bul||
010 ## - Наследен системен номер
LC control number KNG00008310000
020 ## - Международен стандартен номер на книга ISBN
Международен стандартен номер на книга ISBN 954-8688-10-7
-- издат.: Филвест
040 ## - Източник на каталожния запис
Идентификатор на билиотеката - собственик на записа BLK
041 ## - Код за език
Код за езика на текст/звукозапис или на отделно заглавие Български
Код за езика КДБФ Български
080 ## - УДК
Текстов определител УДК Етика. Учение за морала. Практическа философия. Вж и 37.034 ; 24
УДК код - определител по УДК 17
УДК определител .000.1
УДК - код + определител 17.000.1
100 1# - Редна дума - Автор
Автор Нешев, Кирил
Авторска отговорност първи автор
Автор - информация (биография) Михайлов, Кирил Нешев
R(LIN) 245087
139 ## - Редно поле
Редна дума Нешев, Кирил
Авторски знак Неш - Н 64
245 10 - Сведения за заглавието
Заглавие Философии на морала
Подзаглавни данни Портр. и идеи
Редно поле (дума) Кирил Нешев.
257 ## - Страна на издаване
Страна на създаване/издаване България
260 ## - Област на издателските данни
-- София
Име на издателя, разпространителя и проч. Филвест
Година на издаване 1995
300 ## - Физическа характеристика
Страници 80 с.
Размери/Мащаб 20 см
380 ## - Жанр
Жанр Философия
500 ## - Общи забележки
Забележка За Конфуций, М. Хутър, Вл. Соловьев, Дж. Мур, Ж.-П. Сартр, М. Фуко, П. Рикьор
650 #4 - Допълнително описание по предмет – тема
Основно описание – тема или топоним Морал - философски проблеми
9 (RLIN) 252066
650 #4 - Допълнително описание по предмет – тема
Основно описание – тема или топоним Философия - морално-етични проблеми
9 (RLIN) 252115
653 ## - Ключова дума – ненормативна
Ключова дума философи
653 ## - Ключова дума – ненормативна
Ключова дума морал
852 ## - Местоположение
Форматна сигнатура Цб 183539
856 4# - Електронен адрес и достъп
Електронен формат pdf - файл
Път до файла /url/
856 4# - Електронен адрес и достъп
Електронен формат pdf - файл
Път до файла /url/
942 ## - АРТИКУЛИ
Вид на библиотечния материал Книги
Скрит в OPAC Не
944 ## - СЪЗДАВАНЕ И РЕДАКЦИЯ на ЗАПИСА
Създаване/Редакция Създаване
Дата на регистрацията/редакция 15.01.2003
Служител, извършил регистрацията/редакцията Геновева_Генчева
944 ## - СЪЗДАВАНЕ И РЕДАКЦИЯ на ЗАПИСА
Създаване/Редакция Редакция
Дата на регистрацията/редакция 05.07.2006
Служител, извършил регистрацията/редакцията
999 ## - СИСТЕМНИ КОНТРОЛНИ НОМЕРА
Koha biblionumber 7046
Koha biblioitemnumber 7046
Наличности
Код за отписване Код за изгубен артикул Източник на класификационната схема Код за повреда Коз за рестрикции Код за отдаване Артикулен № Име на библиотеката - собственик Име на библиотеката, в която се намира в момента Статус (Текущо местоположение) Дата на вписване в системата Местоположение - отдел Цена в лева Инвентарен номер Систематично азбучна сигнатура Баркод Номер на екземпляра Цена в евро Служебна бележка Служебен тип на артикула
  Не е изгубен Universal Decimal Classification Не е повреден без рестрикции ползва се в читалня 12235 Регионална библиотека "Любен Каравелов" Русе Регионална библиотека "Любен Каравелов" Русе Читалня 2001-01-01 Читалня 0.01 618215 Ч 17/Н 64 120000618215 1 0.01 Дата инв: 21.03.2017 Бележки инв: Ч2017 Книги
Изтеглен Не е изгубен Universal Decimal Classification Не е повреден без рестрикции заемане за дома 12236 Регионална библиотека "Любен Каравелов" Русе Регионална библиотека "Любен Каравелов" Русе Заемна - подръчен фонд 1995-01-01 Заемна - подръчен фонд 0.59 618216 П 17/Н 64 618216 2 0.30 Дост: Pk Вид: Ф N: стар фонд Дата: 01.01.1995 Дата инв: 02.02.2018 Бележки инв: П2018 Книги
Изтеглен Не е изгубен Universal Decimal Classification Не е повреден без рестрикции заемане за дома 12237 Регионална библиотека "Любен Каравелов" Русе Регионална библиотека "Любен Каравелов" Русе Заемна - подръчен фонд 1995-01-01 Заемна - подръчен фонд 0.59 618218 П 17/Н 64 618218 3 0.30 Дост: Pk Вид: Ф N: стар фонд Дата: 01.01.1995 Дата инв: 21.03.2018 Бележки инв: П2018 Книги
  Не е изгубен Universal Decimal Classification Не е повреден без рестрикции ползва се в читалня 12238 Регионална библиотека "Любен Каравелов" Русе Регионална библиотека "Любен Каравелов" Русе Хранилище 1995-01-01 Хранилище 0.59 614552 Цб 183539 120000614552 4 0.30 Дост: Dp Вид: Д N: 30 Дата: 01.01.1995 Дата инв: 23.09.2014 Бележки инв: Цб2014 Книги
Vip Innovations Ltd, Rousse, Bulgaria 2025